Statistics for Countries with the Death Penalty

Click here to take the quiz!

General Stats

  • This quiz has been taken 210 times
    (147 since last reset)
  • The average score is 67 of 88

Answer Stats

1ContinentsCountries% Correct
ruAsia/EuropeRussia
94%
usNorth AmericaUnited States
92%
cnAsiaChina
90%
inAsiaIndia
90%
dzAfricaAlgeria
89%
egAfricaEgypt
89%
pkAsiaPakistan
89%
neAfricaNiger
88%
irAsiaIran
87%
iqAsiaIraq
87%
kpAsiaNorth Korea
87%
omAsiaOman
87%
yeAsiaYemen
87%
ngAfricaNigeria
86%
maAfricaMorocco
85%
sdAfricaSudan
85%
cdAfricaDemocratic Republic of the Congo
84%
idAsiaIndonesia
84%
lyAfricaLibya
84%
qaAsiaQatar
84%
aeAsiaUnited Arab Emirates
84%
vnAsiaVietnam
84%
ilAsiaIsrael
83%
jpAsiaJapan
83%
keAfricaKenya
83%
mlAfricaMali
83%
saAsiaSaudi Arabia
83%
syAsiaSyria
83%
afAsiaAfghanistan
82%
cuNorth AmericaCuba
82%
laAsiaLaos
82%
mmAsiaMyanmar
82%
ssAfricaSouth Sudan
82%
tnAfricaTunisia
82%
byEuropeBelarus
81%
kwAsiaKuwait
81%
thAsiaThailand
81%
brSouth AmericaBrazil
80%
erAfricaEritrea
80%
lbAsiaLebanon
80%
soAfricaSomalia
80%
tzAfricaTanzania
80%
joAsiaJordan
79%
krAsiaSouth Korea
79%
bhAsiaBahrain
78%
cfAfricaCentral African Republic
78%
ugAfricaUganda
78%
myAsiaMalaysia
77%
bdAsiaBangladesh
76%
etAfricaEthiopia
76%
ghAfricaGhana
76%
mrAfricaMauritania
76%
zmAfricaZambia
76%
peSouth AmericaPeru
75%
zwAfricaZimbabwe
75%
lsAfricaLesotho
73%
pgOceaniaPapua New Guinea
73%
lkAsiaSri Lanka
73%
dmNorth AmericaDominica
72%
sgAsiaSingapore
72%
twAsiaTaiwan
72%
mvAsiaMaldives
71%
bnAsiaBrunei
70%
cmAfricaCameroon
70%
szAfricaEswatini
70%
lrAfricaLiberia
70%
gtNorth AmericaGuatemala
69%
jmNorth AmericaJamaica
69%
tjAsiaTajikistan
69%
bbNorth AmericaBarbados
68%
bwAfricaBotswana
68%
clSouth AmericaChile
68%
vcNorth AmericaSaint Vincent and the Grenadines
67%
bzNorth AmericaBelize
66%
svNorth AmericaEl Salvador
66%
knNorth AmericaSaint Kitts and Nevis
65%
agNorth AmericaAntigua and Barbuda
64%
bsNorth AmericaBahamas
64%
bfAfricaBurkina Faso
64%
ttNorth AmericaTrinidad and Tobago
64%
gmAfricaGambia
63%
gySouth AmericaGuyana
63%
lcNorth AmericaSaint Lucia
63%
gdNorth AmericaGrenada
59%
kmAfricaComoros
57%
gqAfricaEquatorial Guinea
56%
toOceaniaTonga
56%
psAsiaPalestine
30%

Score Distribution

Percentile by Number Answered

Percent of People with Each Score

Your Score History

You have not taken this quiz since the last reset